| 000 | 00431cam a2200181ua 4500 | ||
|---|---|---|---|
| 001 | 7656 | ||
| 008 | 141220n ii |||gr||||Z||||||ben | ||
| 040 | _cMAIN | ||
| 041 | _aben | ||
| 082 | _a920 | ||
| 100 |
_aTagore, R., _eAuthor. |
||
| 245 | 1 |
_aMahatma Gandhi _cBy Rabindranath Tagore |
|
| 250 | _a1st. | ||
| 260 |
_aKolkatta: _bBiswabharati, _c1963. |
||
| 300 | _a63p. | ||
| 653 | _aBiography, genealogy & insignia | ||
| 942 | _cBK | ||
| 999 |
_c6778 _d6778 |
||